Statistics for trivia belgië

Click here to take the quiz!

General Stats

  • This quiz has been taken 97 times
  • The average score is 9 of 15

Answer Stats

HintAnswer% Correct
wat is de hoofdstad van belgië?brussel
100%
aantal provincies10
91%
grootste havenAntwerpen
89%
aangrenzende zeenoordzee
86%
zuidelijke deel van Belgiëwallonië
80%
voormalige Kolonie van belgiëCongo
78%
venetië van het noordenBrugge
76%
meest westelijke provincieWest-Vlaanderen
75%
koningin der badstedenOostende
56%
Belgische onafhankelijkheid1831
54%
eerste koning van belgiëLeopold 1
50%
bekende wielerwedstrijd in Vlaamse ardennenRonde van Vlaanderen
44%
huidige koningfilip 1
31%
hoogste puntsignaal de botrange
20%
grootste luchthavenBrussels airport Zaventem
10%

Score Distribution

Percentile by Number Answered

Percent of People with Each Score

Your Score History

You have not taken this quiz